a knock at the door - Ethel cain - Statistics

General Stats
  • This quiz has been taken 4 times
  • The average score is 112 of 142
Answer Stats
Answer % Correct
and
100%
both
100%
by
100%
door
100%
ever
100%
fists
100%
floor
100%
footsteps
100%
here
100%
i
100%
im
100%
in
100%
it
100%
just
100%
knock
100%
know
100%
known
100%
no
100%
not
100%
of
100%
(oh
100%
oh)
100%
on
100%
one
100%
penn
100%
satans
100%
scared
100%
see
100%
state
100%
that
100%
the
100%
they
100%
to
100%
up
100%
were
100%
with
100%
you
100%
your
100%
youre
100%
all
50%
are
50%
bite
50%
death
50%
everything
50%
foam
50%
friend
50%
ive
50%
kids
50%
love
50%
loved
50%
maybe
50%
my
50%
never
50%
or
50%
should
50%
since
50%
so
50%
still
50%
straight
50%
their
50%
theyve
50%
ah
0%
call
0%
name
0%
need
0%
same
0%
though
0%
No matching quizzes found
Score Distribution
Percent of People with Each Score
Percentile by Number Answered
Your Score History
You have not taken this quiz